[Event "Senior Men Russian Championship 2022_HL"]
[Site "Saint-Petersburg, Russia"]
[Date "2022.09.27"]
[Round "4.4"]
[White "Pozin, Sergey"]
[Black "Kalegin, Evgenij"]
[Result "1/2-1/2"]
[TimeControl "40+30"]
[WhiteElo "2257"]
[BlackElo "2386"]

1. d4 {[%clk 01:30:57]} {[%emt 00:00:02]} Nf6 {[%clk 01:30:54]} {[%emt
00:00:05]} 2. c4 {[%clk 01:31:19]} {[%emt 00:00:10]} g6 {[%clk 01:31:17]}
{[%emt 00:00:07]} 3. Nc3 {[%clk 01:31:39]} {[%emt 00:00:10]} Bg7 {[%clk
01:31:33]} {[%emt 00:00:13]} 4. Nf3 {[%clk 01:31:34]} {[%emt 00:00:35]} O-O
{[%clk 01:31:47]} {[%emt 00:00:16]} 5. e4 {[%clk 01:31:22]} {[%emt 00:00:42]}
d6 {[%clk 01:31:50]} {[%emt 00:00:27]} 6. Be2 {[%clk 01:31:42]} {[%emt
00:00:10]} e5 {[%clk 01:31:47]} {[%emt 00:00:34]} 7. O-O {[%clk 01:31:35]}
{[%emt 00:00:37]} Nbd7 {[%clk 01:31:33]} {[%emt 00:00:44]} 8. Qc2 {[%clk
01:30:34]} {[%emt 00:01:30]} c6 {[%clk 01:30:51]} {[%emt 00:01:12]} 9. Be3
{[%clk 01:29:52]} {[%emt 00:01:12]} h6 {[%clk 01:29:26]} {[%emt 00:01:56]} 10.
Rad1 {[%clk 01:29:12]} {[%emt 00:01:09]} Qe7 {[%clk 01:28:18]} {[%emt
00:01:38]} 11. h3 {[%clk 01:27:44]} {[%emt 00:01:59]} exd4 {[%clk 01:28:11]}
{[%emt 00:00:37]} 12. Rxd4 {[%clk 01:22:54]} {[%emt 00:05:20]} Re8 {[%clk
01:24:19]} {[%emt 00:04:22]} 13. Bf4 {[%clk 01:17:53]} {[%emt 00:05:31]} Ne5
{[%clk 01:21:20]} {[%emt 00:03:29]} 14. Rd2 {[%clk 01:04:00]} {[%emt 00:14:23]}
Nh7 {[%clk 01:13:50]} {[%emt 00:07:59]} 15. Rfd1 {[%clk 01:03:35]} {[%emt
00:00:55]} Nxf3+ {[%clk 01:10:35]} {[%emt 00:03:45]} 16. Bxf3 {[%clk 01:04:00]}
{[%emt 00:00:05]} Be5 {[%clk 01:10:57]} {[%emt 00:00:08]} 17. Bxe5 {[%clk
01:01:17]} {[%emt 00:03:13]} dxe5 {[%clk 01:11:19]} {[%emt 00:00:08]} 18. Bg4
{[%clk 00:44:45]} {[%emt 00:17:02]} Bxg4 {[%clk 01:11:01]} {[%emt 00:00:48]} 19.
hxg4 {[%clk 00:45:14]} {[%emt 00:00:01]} Nf6 {[%clk 01:09:00]} {[%emt
00:02:31]} 20. f3 {[%clk 00:37:48]} {[%emt 00:07:56]} Qc5+ {[%clk 01:07:22]}
{[%emt 00:02:08]} 21. Kh2 {[%clk 00:38:13]} {[%emt 00:00:05]} Kg7 {[%clk
01:05:14]} {[%emt 00:02:38]} 22. Na4 {[%clk 00:35:44]} {[%emt 00:02:59]} Qe3
{[%clk 01:00:58]} {[%emt 00:04:46]} 23. Qb3 {[%clk 00:33:41]} {[%emt 00:02:33]}
Qf4+ {[%clk 00:55:38]} {[%emt 00:05:49]} 24. Kg1 {[%clk 00:28:38]} {[%emt
00:05:33]} b6 {[%clk 00:48:49]} {[%emt 00:07:20]} 25. Nc3 {[%clk 00:27:13]}
{[%emt 00:01:55]} Qe3+ {[%clk 00:48:02]} {[%emt 00:01:17]} 26. Kf1 {[%clk
00:27:26]} {[%emt 00:00:16]} h5 {[%clk 00:47:58]} {[%emt 00:00:34]} 27. gxh5
{[%clk 00:27:26]} {[%emt 00:00:31]} Nxh5 {[%clk 00:44:54]} {[%emt 00:03:34]} 28.
Ne2 {[%clk 00:27:01]} {[%emt 00:00:56]} Qg5 {[%clk 00:40:31]} {[%emt 00:04:52]}
29. c5 {[%clk 00:24:46]} {[%emt 00:02:45]} bxc5 {[%clk 00:39:23]} {[%emt
00:01:38]} 30. Rd7 {[%clk 00:25:11]} {[%emt 00:00:05]} Rf8 {[%clk 00:31:30]}
{[%emt 00:08:23]} 31. Rc7 {[%clk 00:23:10]} {[%emt 00:02:32]} Nf4 {[%clk
00:26:31]} {[%emt 00:05:28]} 32. Nxf4 {[%clk 00:22:26]} {[%emt 00:01:14]} Qxf4
{[%clk 00:26:56]} {[%emt 00:00:05]} 33. Rdd7 {[%clk 00:21:21]} {[%emt
00:01:35]} Rad8 {[%clk 00:24:08]} {[%emt 00:03:17]} 34. Rxa7 {[%clk 00:15:29]}
{[%emt 00:06:23]} Rxd7 {[%clk 00:24:20]} {[%emt 00:00:18]} 35. Rxd7 {[%clk
00:15:52]} {[%emt 00:00:07]} Rh8 {[%clk 00:24:26]} {[%emt 00:00:23]} 36. Kg1
{[%clk 00:07:01]} {[%emt 00:09:22]} Rh5 {[%clk 00:14:37]} {[%emt 00:10:19]} 37.
a4 {[%clk 00:05:33]} {[%emt 00:01:58]} c4 {[%clk 00:14:45]} {[%emt 00:00:22]}
38. Qc3 {[%clk 00:05:58]} {[%emt 00:00:04]} Qh2+ {[%clk 00:14:49]} {[%emt
00:00:26]} 39. Kf1 {[%clk 00:04:16]} {[%emt 00:02:13]} Qg3 {[%clk 00:12:46]}
{[%emt 00:02:33]} 40. Kg1 {[%clk 00:32:22]} {[%emt 00:02:22]} Qh2+ {[%clk
00:42:29]} {[%emt 00:00:49]} 41. Kf1 {[%clk 00:32:36]} {[%emt 00:00:15]} Qg3
{[%clk 00:41:59]} {[%emt 00:01:01]} 42. Kg1 {[%clk 00:32:52]} {[%emt 00:00:13]}
Rh2 {[%clk 00:28:14]} {[%emt 00:14:16]} 43. Rd2 {[%clk 00:29:46]} {[%emt
00:03:36]} 1/2-1/2

[Event "Senior Men Russian Championship 2022_HL"]
[Site "Saint-Petersburg, Russia"]
[Date "2022.09.27"]
[Round "4.5"]
[White "Kasantsev, Anatolij B."]
[Black "Loginov, Valery A"]
[Result "0-1"]
[TimeControl "40+30"]
[WhiteElo "1908"]
[BlackElo "2478"]

1. d4 {[%clk 01:30:58]} {[%emt 00:00:01]} Nf6 {[%clk 01:30:51]} {[%emt
00:00:10]} 2. c4 {[%clk 01:31:13]} {[%emt 00:00:15]} e6 {[%clk 01:31:10]}
{[%emt 00:00:10]} 3. Nc3 {[%clk 01:31:29]} {[%emt 00:00:14]} Bb4 {[%clk
01:31:32]} {[%emt 00:00:07]} 4. Qc2 {[%clk 01:31:44]} {[%emt 00:00:16]} d5
{[%clk 01:31:52]} {[%emt 00:00:09]} 5. cxd5 {[%clk 01:31:48]} {[%emt 00:00:26]}
exd5 {[%clk 01:32:17]} {[%emt 00:00:06]} 6. Bg5 {[%clk 01:32:06]} {[%emt
00:00:11]} h6 {[%clk 01:32:39]} {[%emt 00:00:09]} 7. Bh4 {[%clk 01:32:11]}
{[%emt 00:00:25]} O-O {[%clk 01:32:47]} {[%emt 00:00:22]} 8. e3 {[%clk
01:31:36]} {[%emt 00:01:04]} c5 {[%clk 01:32:56]} {[%emt 00:00:21]} 9. Bd3
{[%clk 01:28:25]} {[%emt 00:03:41]} c4 {[%clk 01:33:13]} {[%emt 00:00:15]} 10.
Bf5 {[%clk 01:28:22]} {[%emt 00:00:32]} Bxf5 {[%clk 01:33:17]} {[%emt
00:00:25]} 11. Qxf5 {[%clk 01:28:50]} {[%emt 00:00:03]} Qd7 {[%clk 01:33:32]}
{[%emt 00:00:15]} 12. Qf3 {[%clk 01:28:23]} {[%emt 00:00:57]} Ne4 {[%clk
01:32:36]} {[%emt 00:01:26]} 13. Rc1 {[%clk 01:26:40]} {[%emt 00:02:13]} Nc6
{[%clk 01:26:47]} {[%emt 00:06:20]} 14. Qh3 {[%clk 01:25:45]} {[%emt 00:01:24]}
f5 {[%clk 01:26:05]} {[%emt 00:01:12]} 15. f3 {[%clk 01:25:22]} {[%emt
00:00:53]} Nxc3 {[%clk 01:25:29]} {[%emt 00:01:06]} 16. bxc3 {[%clk 01:25:50]}
{[%emt 00:00:02]} Ba3 {[%clk 01:15:35]} {[%emt 00:10:25]} 17. Rb1 {[%clk
01:25:18]} {[%emt 00:01:01]} Rae8 {[%clk 01:12:49]} {[%emt 00:03:16]} 18. Bf2
{[%clk 01:25:30]} {[%emt 00:00:18]} Qf7 {[%clk 01:10:57]} {[%emt 00:02:22]} 19.
f4 {[%clk 01:24:46]} {[%emt 00:01:13]} b5 {[%clk 01:10:26]} {[%emt 00:01:02]}
20. Ne2 {[%clk 01:24:48]} {[%emt 00:00:27]} b4 {[%clk 01:10:26]} {[%emt
00:00:30]} 21. O-O {[%clk 01:24:57]} {[%emt 00:00:21]} a5 {[%clk 01:07:29]}
{[%emt 00:03:28]} 22. Be1 {[%clk 01:23:09]} {[%emt 00:02:18]} Rb8 {[%clk
00:59:22]} {[%emt 00:08:38]} 23. Bd2 {[%clk 01:18:59]} {[%emt 00:04:39]} b3
{[%clk 00:58:44]} {[%emt 00:01:08]} 24. axb3 {[%clk 01:13:33]} {[%emt
00:05:57]} cxb3 {[%clk 00:59:00]} {[%emt 00:00:14]} 25. g4 {[%clk 01:13:08]}
{[%emt 00:00:55]} a4 {[%clk 00:58:07]} {[%emt 00:01:24]} 26. gxf5 {[%clk
01:12:43]} {[%emt 00:00:54]} Qxf5 {[%clk 00:58:13]} {[%emt 00:00:24]} 27. Qf3
{[%clk 01:12:15]} {[%emt 00:00:58]} Ne7 {[%clk 00:55:24]} {[%emt 00:03:18]} 28.
Ng3 {[%clk 01:11:28]} {[%emt 00:01:18]} Qd3 {[%clk 00:55:27]} {[%emt 00:00:26]}
29. Rfd1 {[%clk 01:11:45]} {[%emt 00:00:14]} Bd6 {[%clk 00:55:33]} {[%emt
00:00:24]} 30. Be1 {[%clk 01:11:27]} {[%emt 00:00:48]} Qg6 {[%clk 00:55:44]}
{[%emt 00:00:20]} 31. Kh1 {[%clk 01:07:05]} {[%emt 00:04:52]} a3 {[%clk
00:55:32]} {[%emt 00:00:41]} 32. f5 {[%clk 01:06:51]} {[%emt 00:00:45]} Rxf5
{[%clk 00:55:19]} {[%emt 00:00:44]} 33. Nxf5 {[%clk 01:07:08]} {[%emt
00:00:12]} Qxf5 {[%clk 00:55:43]} {[%emt 00:00:05]} 34. Qxf5 {[%clk 01:05:42]}
{[%emt 00:01:57]} Nxf5 {[%clk 00:56:08]} {[%emt 00:00:06]} 35. e4 {[%clk
01:06:03]} {[%emt 00:00:08]} dxe4 {[%clk 00:55:45]} {[%emt 00:00:53]} 36. c4
{[%clk 01:06:21]} {[%emt 00:00:12]} Ne3 {[%clk 00:54:29]} {[%emt 00:01:45]} 37.
Rdc1 {[%clk 01:01:29]} {[%emt 00:05:23]} b2 {[%clk 00:54:38]} {[%emt 00:00:21]}
0-1

[Event "Senior Men Russian Championship 2022_HL"]
[Site "Saint-Petersburg, Russia"]
[Date "2022.09.27"]
[Round "4.6"]
[White "Lisenko, Alexander V"]
[Black "Kozlov, Oleg"]
[Result "0-1"]
[TimeControl "40+30"]
[WhiteElo "2307"]
[BlackElo "2279"]

1. c4 {[%clk 01:30:56]} {[%emt 00:00:03]} c6 {[%clk 01:30:53]} {[%emt
00:00:09]} 2. Nf3 {[%clk 01:30:52]} {[%emt 00:00:33]} d5 {[%clk 01:31:16]}
{[%emt 00:00:07]} 3. b3 {[%clk 01:31:17]} {[%emt 00:00:05]} Bf5 {[%clk
01:31:21]} {[%emt 00:00:25]} 4. Bb2 {[%clk 01:31:36]} {[%emt 00:00:11]} e6
{[%clk 01:31:45]} {[%emt 00:00:07]} 5. g3 {[%clk 01:31:48]} {[%emt 00:00:16]}
h6 {[%clk 01:30:30]} {[%emt 00:01:46]} 6. Bg2 {[%clk 01:32:11]} {[%emt
00:00:06]} Nd7 {[%clk 01:30:51]} {[%emt 00:00:10]} 7. O-O {[%clk 01:32:33]}
{[%emt 00:00:08]} Ngf6 {[%clk 01:31:17]} {[%emt 00:00:04]} 8. d3 {[%clk
01:32:44]} {[%emt 00:00:19]} Be7 {[%clk 01:31:28]} {[%emt 00:00:19]} 9. Nbd2
{[%clk 01:32:16]} {[%emt 00:00:57]} O-O {[%clk 01:31:47]} {[%emt 00:00:12]} 10.
a3 {[%clk 01:29:15]} {[%emt 00:03:31]} a5 {[%clk 01:31:49]} {[%emt 00:00:29]}
11. Rc1 {[%clk 01:28:29]} {[%emt 00:01:14]} Bh7 {[%clk 01:28:18]} {[%emt
00:04:02]} 12. Rc2 {[%clk 01:28:21]} {[%emt 00:00:38]} Re8 {[%clk 01:28:02]}
{[%emt 00:00:46]} 13. Qa1 {[%clk 01:28:04]} {[%emt 00:00:46]} Bf8 {[%clk
01:28:26]} {[%emt 00:00:06]} 14. Ne5 {[%clk 01:25:02]} {[%emt 00:03:33]} Nxe5
{[%clk 01:27:48]} {[%emt 00:01:08]} 15. Bxe5 {[%clk 01:25:25]} {[%emt
00:00:07]} Nd7 {[%clk 01:28:10]} {[%emt 00:00:08]} 16. Bc3 {[%clk 01:18:17]}
{[%emt 00:07:38]} Qe7 {[%clk 01:20:32]} {[%emt 00:08:08]} 17. Ra2 {[%clk
01:16:53]} {[%emt 00:01:54]} Qd6 {[%clk 00:49:57]} {[%emt 00:31:05]} 18. b4
{[%clk 01:09:26]} {[%emt 00:07:57]} a4 {[%clk 00:50:18]} {[%emt 00:00:09]} 19.
c5 {[%clk 00:57:29]} {[%emt 00:12:27]} Qc7 {[%clk 00:50:25]} {[%emt 00:00:24]}
20. e4 {[%clk 00:55:26]} {[%emt 00:02:33]} Nb8 {[%clk 00:42:41]} {[%emt
00:08:14]} 21. Re1 {[%clk 00:52:03]} {[%emt 00:03:52]} Na6 {[%clk 00:42:58]}
{[%emt 00:00:15]} 22. Nf3 {[%clk 00:36:04]} {[%emt 00:16:28]} Qd8 {[%clk
00:42:28]} {[%emt 00:01:00]} 23. Rd2 {[%clk 00:34:18]} {[%emt 00:02:16]} Nc7
{[%clk 00:42:43]} {[%emt 00:00:15]} 24. e5 {[%clk 00:33:03]} {[%emt 00:01:44]}
Nb5 {[%clk 00:42:25]} {[%emt 00:00:50]} 25. Bb2 {[%clk 00:33:23]} {[%emt
00:00:09]} b6 {[%clk 00:35:46]} {[%emt 00:07:09]} 26. d4 {[%clk 00:28:02]}
{[%emt 00:05:51]} Be7 {[%clk 00:24:02]} {[%emt 00:12:14]} 27. cxb6 {[%clk
00:24:01]} {[%emt 00:04:30]} Qxb6 {[%clk 00:24:14]} {[%emt 00:00:19]} 28. Bh3
{[%clk 00:21:46]} {[%emt 00:02:45]} Be4 {[%clk 00:22:51]} {[%emt 00:01:53]} 29.
Re3 {[%clk 00:20:04]} {[%emt 00:02:11]} Nc7 {[%clk 00:10:50]} {[%emt 00:12:32]}
30. Ne1 {[%clk 00:16:53]} {[%emt 00:03:40]} Bg5 {[%clk 00:06:28]} {[%emt
00:04:53]} 31. f4 {[%clk 00:16:36]} {[%emt 00:00:46]} Be7 {[%clk 00:06:57]} 32.
Rf2 {[%clk 00:10:08]} {[%emt 00:06:59]} Nb5 {[%clk 00:03:26]} {[%emt 00:04:02]}
33. Bg2 {[%clk 00:08:25]} {[%emt 00:02:13]} Bxg2 {[%clk 00:02:44]} {[%emt
00:01:11]} 34. Kxg2 {[%clk 00:08:17]} {[%emt 00:00:38]} f5 {[%clk 00:02:31]}
{[%emt 00:00:43]} 35. Qd1 {[%clk 00:02:59]} {[%emt 00:05:48]} Kh7 {[%clk
00:01:27]} {[%emt 00:01:36]} 36. Rd3 {[%clk 00:01:46]} {[%emt 00:01:42]} Rg8
{[%clk 00:01:35]} {[%emt 00:00:22]} 37. Nf3 {[%clk 00:01:59]} {[%emt 00:00:17]}
g5 {[%clk 00:01:09]} {[%emt 00:00:56]} 38. Ng1 {[%clk 00:01:42]} {[%emt
00:00:46]} g4 {[%clk 00:01:23]} {[%emt 00:00:17]} 39. Rc2 {[%clk 00:01:48]}
{[%emt 00:00:23]} h5 {[%clk 00:01:15]} {[%emt 00:00:39]} 40. Ne2 {[%clk
00:31:52]} {[%emt 00:00:26]} Kg6 {[%clk 00:31:00]} {[%emt 00:00:45]} 41. Nc3
{[%clk 00:26:13]} {[%emt 00:06:08]} Kf7 {[%clk 00:22:40]} {[%emt 00:08:50]} 42.
Re2 {[%clk 00:16:48]} {[%emt 00:09:55]} Qa6 {[%clk 00:22:49]} {[%emt 00:00:22]}
43. Kf2 {[%clk 00:16:28]} {[%emt 00:00:48]} h4 {[%clk 00:19:17]} {[%emt
00:04:04]} 44. Ke3 {[%clk 00:15:16]} {[%emt 00:01:41]} Rh8 {[%clk 00:16:23]}
{[%emt 00:03:24]} 45. Kd2 {[%clk 00:12:10]} {[%emt 00:03:36]} hxg3 {[%clk
00:14:58]} {[%emt 00:01:56]} 46. hxg3 {[%clk 00:12:31]} {[%emt 00:00:08]} Rh3
{[%clk 00:11:44]} {[%emt 00:03:45]} 47. Kc2 {[%clk 00:11:30]} {[%emt 00:01:31]}
Rah8 {[%clk 00:11:20]} {[%emt 00:00:54]} 48. Rg2 {[%clk 00:09:56]} {[%emt
00:02:03]} Nc7 {[%clk 00:10:04]} {[%emt 00:01:47]} 49. Ne2 {[%clk 00:07:32]}
{[%emt 00:02:53]} Rh1 {[%clk 00:08:45]} {[%emt 00:01:49]} 50. Qd2 {[%clk
00:06:20]} {[%emt 00:01:42]} Na8 {[%clk 00:04:58]} {[%emt 00:04:18]} 51. Rc3
{[%clk 00:06:03]} {[%emt 00:00:46]} Qb7 {[%clk 00:02:28]} {[%emt 00:03:01]} 52.
Nc1 {[%clk 00:04:12]} {[%emt 00:02:20]} Nb6 {[%clk 00:02:55]} {[%emt 00:00:04]}
53. Kb1 {[%clk 00:04:12]} {[%emt 00:00:29]} Nc4 {[%clk 00:03:13]} {[%emt
00:00:12]} 54. Qe2 {[%clk 00:04:25]} {[%emt 00:00:17]} Qb5 {[%clk 00:03:19]}
{[%emt 00:00:24]} 55. Ka2 {[%clk 00:03:59]} {[%emt 00:00:56]} Bd8 {[%clk
00:03:23]} {[%emt 00:00:27]} 56. Nd3 {[%clk 00:03:37]} {[%emt 00:00:51]} Bb6
{[%clk 00:03:20]} {[%emt 00:00:33]} 57. Nc5 {[%clk 00:02:38]} {[%emt 00:01:28]}
Ke7 {[%clk 00:03:19]} {[%emt 00:00:32]} 58. Rc1 {[%clk 00:02:37]} {[%emt
00:00:31]} R1h3 {[%clk 00:02:09]} {[%emt 00:01:41]} 59. Bc3 {[%clk 00:02:50]}
{[%emt 00:00:17]} Ba7 {[%clk 00:01:38]} {[%emt 00:01:01]} 60. Re1 {[%clk
00:02:46]} {[%emt 00:00:33]} Nb6 {[%clk 00:00:46]} {[%emt 00:01:23]} 61. Bb2
{[%clk 00:02:23]} {[%emt 00:00:52]} Qc4+ {[%clk 00:01:01]} {[%emt 00:00:16]} 62.
Qxc4 {[%clk 00:02:39]} {[%emt 00:00:14]} dxc4 {[%clk 00:01:24]} {[%emt
00:00:07]} 63. Rc1 {[%clk 00:02:08]} {[%emt 00:01:00]} Rh2 {[%emt 00:02:01]} 64.
Rcg1 {[%clk 00:01:33]} Rxg2 {[%clk 00:00:46]} {[%emt 00:00:43]} 65. Rxg2 {[%clk
00:02:01]} {[%emt 00:00:01]} Rh1 {[%clk 00:01:15]} {[%emt 00:00:01]} 66. Bc3
{[%clk 00:01:51]} {[%emt 00:00:40]} Nd5 {[%clk 00:00:58]} {[%emt 00:00:47]} 67.
Kb2 {[%clk 00:00:54]} {[%emt 00:01:27]} Bxc5 {[%clk 00:01:23]} {[%emt
00:00:06]} 68. dxc5 {[%clk 00:01:11]} {[%emt 00:00:12]} Rf1 {[%clk 00:00:45]}
{[%emt 00:01:08]} 69. Rh2 {[%clk 00:00:36]} {[%emt 00:01:05]} Rf3 {[%clk
00:01:01]} {[%emt 00:00:14]} 70. Be1 {[%clk 00:00:53]} {[%emt 00:00:12]} Rb3+
{[%clk 00:01:05]} {[%emt 00:00:25]} 71. Ka2 {[%clk 00:01:14]} {[%emt 00:00:10]}
Re3 {[%clk 00:01:11]} {[%emt 00:00:24]} 72. Bf2 {[%clk 00:00:56]} {[%emt
00:00:49]} Re2+ {[%clk 00:01:35]} {[%emt 00:00:06]} 73. Kb1 {[%clk 00:01:18]}
{[%emt 00:00:07]} Kf7 {[%clk 00:00:56]} {[%emt 00:01:10]} 74. Kc1 {[%clk
00:01:27]} {[%emt 00:00:21]} Kg7 {[%clk 00:00:52]} {[%emt 00:00:34]} 75. Kd1
{[%clk 00:01:04]} {[%emt 00:00:52]} Ra2 {[%clk 00:01:00]} {[%emt 00:00:22]} 76.
Ke1 {[%clk 00:01:19]} {[%emt 00:00:15]} Rxa3 {[%clk 00:00:50]} {[%emt
00:00:40]} 77. b5 {[%clk 00:01:37]} {[%emt 00:00:12]} Ra1+ {[%clk 00:00:45]}
{[%emt 00:00:35]} 78. Kd2 {[%clk 00:01:57]} {[%emt 00:00:10]} Ra2+ {[%clk
00:01:04]} {[%emt 00:00:12]} 79. Ke1 {[%clk 00:02:08]} {[%emt 00:00:19]} cxb5
{[%clk 00:01:23]} {[%emt 00:00:11]} 80. c6 {[%clk 00:02:31]} {[%emt 00:00:07]}
c3 {[%clk 00:01:41]} {[%emt 00:00:12]} 0-1

[Event "Senior Men Russian Championship 2022_HL"]
[Site "Saint-Petersburg, Russia"]
[Date "2022.09.27"]
[Round "4.7"]
[White "Dragomarezkij, Evgeni"]
[Black "Berlin, Grigoriy"]
[Result "1-0"]
[TimeControl "40+30"]
[WhiteElo "2297"]
[BlackElo "2186"]

1. d4 {[%clk 01:30:58]} d5 {[%clk 01:30:51]} {[%emt 00:00:10]} 2. c4 {[%clk
01:31:23]} {[%emt 00:00:06]} c6 {[%clk 01:31:16]} {[%emt 00:00:05]} 3. e3
{[%clk 01:31:37]} {[%emt 00:00:15]} Nf6 {[%clk 01:31:25]} {[%emt 00:00:22]} 4.
Bd3 {[%clk 01:31:47]} {[%emt 00:00:19]} a6 {[%clk 01:30:37]} {[%emt 00:01:19]}
5. b3 {[%clk 01:31:32]} {[%emt 00:00:45]} Bg4 {[%clk 01:30:04]} {[%emt
00:01:03]} 6. Ne2 {[%clk 01:28:30]} {[%emt 00:03:32]} e6 {[%clk 01:28:53]}
{[%emt 00:01:40]} 7. Qc2 {[%clk 01:26:17]} {[%emt 00:02:43]} Bb4+ {[%clk
01:19:19]} {[%emt 00:10:04]} 8. Nbc3 {[%clk 01:18:47]} {[%emt 00:08:00]} Bxe2
{[%clk 01:17:17]} {[%emt 00:02:32]} 9. Kxe2 {[%clk 01:19:04]} {[%emt 00:00:14]}
c5 {[%clk 01:16:43]} {[%emt 00:01:03]} 10. dxc5 {[%clk 01:17:52]} {[%emt
00:01:43]} Nc6 {[%clk 01:05:42]} {[%emt 00:11:30]} 11. cxd5 {[%clk 01:16:25]}
{[%emt 00:01:57]} exd5 {[%clk 01:06:01]} {[%emt 00:00:11]} 12. Na4 {[%clk
01:15:27]} {[%emt 00:01:29]} Qe7 {[%clk 01:02:59]} {[%emt 00:03:31]} 13. Bb2
{[%clk 01:13:57]} {[%emt 00:01:59]} d4 {[%clk 00:55:47]} {[%emt 00:07:42]} 14.
e4 {[%clk 01:12:13]} {[%emt 00:02:14]} O-O {[%clk 00:54:17]} {[%emt 00:02:02]}
15. a3 {[%clk 01:07:13]} {[%emt 00:05:30]} Ba5 {[%clk 00:54:25]} {[%emt
00:00:21]} 16. Kf1 {[%clk 01:04:16]} {[%emt 00:03:27]} Rfe8 {[%clk 00:51:42]}
{[%emt 00:03:12]} 17. b4 {[%clk 01:03:20]} {[%emt 00:01:27]} Bc7 {[%clk
00:51:55]} {[%emt 00:00:16]} 18. Re1 {[%clk 01:03:12]} {[%emt 00:00:38]} Ng4
{[%clk 00:43:18]} {[%emt 00:09:07]} 19. g3 {[%clk 00:55:34]} {[%emt 00:08:08]}
Rad8 {[%clk 00:36:41]} {[%emt 00:07:07]} 20. h3 {[%clk 00:53:02]} {[%emt
00:03:03]} Nge5 {[%clk 00:35:19]} {[%emt 00:01:53]} 21. f4 {[%clk 00:53:11]}
{[%emt 00:00:21]} Nxd3 {[%clk 00:30:54]} {[%emt 00:04:55]} 22. Qxd3 {[%clk
00:53:31]} {[%emt 00:00:10]} g5 {[%clk 00:30:53]} {[%emt 00:00:31]} 23. Bc1
{[%clk 00:46:20]} {[%emt 00:07:41]} gxf4 {[%clk 00:29:24]} {[%emt 00:01:59]} 24.
gxf4 {[%clk 00:46:34]} {[%emt 00:00:16]} Kh8 {[%clk 00:28:32]} {[%emt
00:01:22]} 25. Rg1 {[%clk 00:26:43]} {[%emt 00:20:21]} Qf6 {[%clk 00:25:28]}
{[%emt 00:03:33]} 26. Ke2 {[%clk 00:21:29]} {[%emt 00:05:45]} Rg8 {[%clk
00:24:54]} {[%emt 00:01:03]} 27. e5 {[%clk 00:17:42]} {[%emt 00:04:17]} Qe6
{[%clk 00:18:02]} {[%emt 00:07:22]} 28. Kd1 {[%clk 00:17:42]} {[%emt 00:00:29]}
Ne7 {[%clk 00:12:33]} {[%emt 00:06:00]} 29. Nb2 {[%clk 00:16:01]} {[%emt
00:02:11]} f6 {[%clk 00:07:25]} {[%emt 00:05:38]} 30. Nc4 {[%clk 00:14:33]}
{[%emt 00:01:59]} fxe5 {[%clk 00:06:07]} {[%emt 00:01:48]} 31. fxe5 {[%clk
00:13:24]} {[%emt 00:01:38]} Nc6 {[%clk 00:05:57]} {[%emt 00:00:40]} 32. Bg5
{[%clk 00:12:55]} {[%emt 00:00:59]} Rdf8 {[%clk 00:03:56]} {[%emt 00:02:31]} 33.
Bf6+ {[%clk 00:13:11]} {[%emt 00:00:14]} Rxf6 {[%clk 00:04:19]} {[%emt
00:00:07]} 34. exf6 {[%clk 00:09:07]} {[%emt 00:04:34]} Qxf6 {[%clk 00:04:26]}
{[%emt 00:00:22]} 35. Rxg8+ {[%clk 00:08:45]} {[%emt 00:00:53]} Kxg8 {[%clk
00:04:55]} 36. Rg1+ {[%clk 00:08:35]} {[%emt 00:00:40]} Kh8 {[%clk 00:05:09]}
{[%emt 00:00:16]} 37. Qf1 {[%clk 00:06:11]} {[%emt 00:02:54]} Qe7 {[%clk
00:03:18]} {[%emt 00:02:21]} 38. Qf5 {[%clk 00:06:23]} {[%emt 00:00:18]} Bd8
{[%clk 00:02:52]} {[%emt 00:00:56]} 39. Nd6 {[%clk 00:05:15]} {[%emt 00:01:38]}
Ne5 {[%clk 00:02:58]} {[%emt 00:00:24]} 40. Qxe5+ {[%clk 00:35:33]} {[%emt
00:00:12]} 1-0